[Event "MPJ_D18"]
[Site "?"]
[Date "2016.03.18"]
[Round "7.3"]
[White "Antolak, Julia"]
[Black "Dmochowska, Agnieszka"]
[Result "0-1"]
[BlackElo "1953"]
[WhiteElo "2087"]
[LiveChessVersion "1.4.8"]

1. e4 {[%clk 1:30:58]} e6 {[%clk 1:30:50]} 2. d4 {[%clk 1:30:11]} d5
{[%clk 1:31:09]} 3. Nd2 {[%clk 1:30:27]} Be7 {[%clk 1:31:20]} 4. Ngf3
{[%clk 1:29:03]} Nf6 {[%clk 1:31:30]} 5. e5 {[%clk 1:27:10]} Nfd7
{[%clk 1:31:50]} 6. Bd3 {[%clk 1:27:05]} c5 {[%clk 1:31:56]} 7. c3
{[%clk 1:27:03]} Nc6 {[%clk 1:32:03]} 8. O-O {[%clk 1:26:30]} O-O
{[%clk 1:32:12]} 9. Qe2 {[%clk 1:21:10]} a5 {[%clk 1:26:55]} 10. c4
{[%clk 1:06:35]} cxd4 {[%clk 1:09:08]} 11. cxd5 {[%clk 1:03:02]} exd5
{[%clk 1:08:10]} 12. Nb3 {[%clk 0:40:12]} Nb4 {[%clk 0:55:09]} 13. Nbxd4
{[%clk 0:33:19]} Nxd3 {[%clk 0:52:36]} 14. Qxd3 {[%clk 0:33:38]} Nc5
{[%clk 0:52:52]} 15. Qc2 {[%clk 0:31:53]} Bg4 {[%clk 0:47:36]} 16. Be3
{[%clk 0:30:58]} Rc8 {[%clk 0:43:45]} 17. Rac1 {[%clk 0:27:11]} Qd7
{[%clk 0:39:13]} 18. h3 {[%clk 0:21:31]} Ne4 {[%clk 0:29:14]} 19. Qb3
{[%clk 0:20:27]} Bh5 {[%clk 0:27:51]} 20. Qb5 {[%clk 0:20:12]} Qxb5
{[%clk 0:24:45]} 21. Nxb5 {[%clk 0:20:40]} f6 {[%clk 0:18:52]} 22. exf6
{[%clk 0:19:22]} Bxf6 {[%clk 0:18:51]} 23. Nfd4 {[%clk 0:19:36]} Rfe8
{[%clk 0:12:15]} 24. Rfe1 {[%clk 0:17:52]} Be5 {[%clk 0:11:21]} 25. f3
{[%clk 0:15:06]} Nd6 {[%clk 0:10:12]} 26. b3 {[%clk 0:05:38]} Bxd4
{[%clk 0:08:51]} 27. Rxc8 {[%clk 0:03:54]} Bxe3+ {[%clk 0:09:04]} 28. Rxe3
{[%clk 0:04:15]} Nxc8 {[%clk 0:09:27]} 29. Rd3 {[%clk 0:04:41]} Nb6
{[%clk 0:09:05]} 0-1

[Event "MPJ_D18"]
[Site "?"]
[Date "2016.03.18"]
[Round "7.5"]
[White "Topolan, Agata"]
[Black "Kotula, Magdalena"]
[Result "1-0"]
[BlackElo "1502"]
[WhiteElo "1889"]
[LiveChessVersion "1.4.8"]

1. d4 {[%clk 1:30:52]} Nf6 {[%clk 1:30:07]} 2. c3 {[%clk 1:30:56]} d6
{[%clk 1:29:26]} 3. Nf3 {[%clk 1:31:18]} g6 {[%clk 1:29:40]} 4. Nbd2
{[%clk 1:31:34]} Bg7 {[%clk 1:30:02]} 5. e4 {[%clk 1:31:57]} O-O {[%clk 1:29:38]}
6. Bd3 {[%clk 1:31:45]} Nbd7 {[%clk 1:28:28]} 7. Nb3 {[%clk 1:30:04]} e5
{[%clk 1:24:55]} 8. O-O {[%clk 1:27:10]} Nh5 {[%clk 1:19:22]} 9. dxe5
{[%clk 1:13:00]} Nxe5 {[%clk 1:18:15]} 10. Be2 {[%clk 1:13:10]} Nxf3+
{[%clk 1:08:54]} 11. Bxf3 {[%clk 1:13:23]} Qh4 {[%clk 1:04:14]} 12. g3
{[%clk 1:08:17]} Qh3 {[%clk 1:02:17]} 13. Bg2 {[%clk 1:08:30]} Qd7
{[%clk 0:55:56]} 14. f4 {[%clk 1:01:13]} Qe7 {[%clk 0:50:57]} 15. Nd4
{[%clk 0:52:42]} Nf6 {[%clk 0:46:32]} 16. Qd3 {[%clk 0:48:41]} h5
{[%clk 0:41:51]} 17. f5 {[%clk 0:42:30]} Re8 {[%clk 0:38:10]} 18. Bg5
{[%clk 0:40:56]} Qe5 {[%clk 0:32:36]} 19. Bxf6 {[%clk 0:30:53]} Bxf6
{[%clk 0:28:25]} 20. fxg6 {[%clk 0:30:02]} fxg6 {[%clk 0:25:30]} 21. Qc4+
{[%clk 0:29:36]} Kg7 {[%clk 0:20:09]} 22. Qxc7+ {[%clk 0:26:10]} Re7
{[%clk 0:20:06]} 23. Qc4 {[%clk 0:26:28]} Bg4 {[%clk 0:18:49]} 24. h3
{[%clk 0:21:14]} Bd7 {[%clk 0:16:02]} 25. Qd3 {[%clk 0:20:43]} Qc5
{[%clk 0:14:13]} 26. Kh1 {[%clk 0:19:28]} Be5 {[%clk 0:12:52]} 27. Rf3
{[%clk 0:17:20]} h4 {[%clk 0:12:04]} 28. g4 {[%clk 0:17:06]} Rae8
{[%clk 0:09:47]} 29. Raf1 {[%clk 0:15:39]} d5 {[%clk 0:09:12]} 30. exd5
{[%clk 0:15:04]} Qb6 {[%clk 0:04:41]} 31. b3 {[%clk 0:12:48]} Bg3
{[%clk 0:04:48]} 32. g5 {[%clk 0:10:46]} Bf5 {[%clk 0:02:38]} 33. Nxf5+
{[%clk 0:10:38]} gxf5 {[%clk 0:03:02]} 34. Qxf5 {[%clk 0:10:57]} Qc7
{[%clk 0:02:11]} 35. Qf6+ {[%clk 0:11:01]} Kg8 {[%clk 0:02:24]} 36. Qg6+
{[%clk 0:11:18]} 1-0

[Event "MPJ_D18"]
[Site "?"]
[Date "2016.03.18"]
[Round "7.6"]
[White "Fraczek, Weronika"]
[Black "Murawko, Julia"]
[Result "0-1"]
[BlackElo "1758"]
[WhiteElo "1825"]
[LiveChessVersion "1.4.8"]

1. d4 {[%clk 1:30:55]} Nf6 {[%clk 1:30:43]} 2. c4 {[%clk 1:31:08]} e6
{[%clk 1:30:34]} 3. Nc3 {[%clk 1:31:20]} d5 {[%clk 1:30:55]} 4. Bg5
{[%clk 1:30:38]} Nbd7 {[%clk 1:29:45]} 5. e3 {[%clk 1:27:40]} c6 {[%clk 1:30:02]}
6. cxd5 {[%clk 1:27:34]} exd5 {[%clk 1:30:25]} 7. Bd3 {[%clk 1:26:50]} Be7
{[%clk 1:30:13]} 8. Qc2 {[%clk 1:26:29]} Nf8 {[%clk 1:21:28]} 9. Nf3
{[%clk 1:25:33]} Ng6 {[%clk 1:21:25]} 10. h3 {[%clk 1:24:52]} O-O
{[%clk 1:21:23]} 11. O-O-O {[%clk 1:21:55]} Re8 {[%clk 1:14:35]} 12. Kb1
{[%clk 1:09:02]} b5 {[%clk 0:55:20]} 13. Nd2 {[%clk 1:03:21]} a5 {[%clk 0:52:14]}
14. h4 {[%clk 0:59:22]} a4 {[%clk 0:49:47]} 15. h5 {[%clk 0:57:40]} Nf8
{[%clk 0:49:40]} 16. h6 {[%clk 0:52:49]} g6 {[%clk 0:48:41]} 17. Bxf6
{[%clk 0:42:35]} Bxf6 {[%clk 0:49:01]} 18. Ne2 {[%clk 0:41:45]} Bd7
{[%clk 0:46:08]} 19. e4 {[%clk 0:40:08]} Qb6 {[%clk 0:35:40]} 20. e5
{[%clk 0:38:26]} Be7 {[%clk 0:35:35]} 21. f4 {[%clk 0:37:11]} b4 {[%clk 0:33:22]}
22. b3 {[%clk 0:37:03]} c5 {[%clk 0:30:51]} 23. dxc5 {[%clk 0:30:37]} Bxc5
{[%clk 0:30:28]} 24. Qb2 {[%clk 0:29:49]} Ne6 {[%clk 0:09:54]} 25. Bc2
{[%clk 0:20:57]} Bb5 {[%clk 0:06:46]} 26. f5 {[%clk 0:16:44]} Bxe2
{[%clk 0:05:56]} 27. fxe6 {[%clk 0:16:53]} Rxe6 {[%clk 0:02:52]} 28. Nf3
{[%clk 0:16:07]} Bxd1 {[%clk 0:01:28]} 29. Bxd1 {[%clk 0:15:51]} a3
{[%clk 0:01:34]} 30. Qd2 {[%clk 0:15:39]} Rd8 {[%clk 0:00:51]} 31. Bc2
{[%clk 0:14:35]} Be3 {[%clk 0:00:56]} 32. Qd3 {[%clk 0:13:35]} Rc6
{[%clk 0:00:53]} 33. g4 {[%clk 0:12:22]} Rc3 {[%clk 0:00:58]} 34. Qd1
{[%clk 0:11:45]} Rdc8 {[%clk 0:01:02]} 35. Rh2 {[%clk 0:09:51]} d4
{[%clk 0:00:53]} 36. Ne1 {[%clk 0:06:46]} d3 {[%clk 0:00:43]} 37. Nxd3
{[%clk 0:07:02]} Rd8 {[%clk 0:00:58]} 38. e6 {[%clk 0:02:42]} Qxe6
{[%clk 0:00:43]} 39. Re2 {[%clk 0:02:02]} Qb6 {[%clk 0:00:47]} 40. Qh1
{[%clk 0:31:16]} Qd4 {[%clk 0:30:40]} 41. Qd1 {[%clk 0:27:08]} Rxd3
{[%clk 0:28:04]} 42. Bxd3 {[%clk 0:27:05]} Qxd3+ {[%clk 0:28:30]} 43. Qxd3
{[%clk 0:25:40]} Rxd3 {[%clk 0:28:54]} 44. Rh2 {[%clk 0:26:00]} Rd2
{[%clk 0:28:54]} 0-1

[Event "MPJ_D18"]
[Site "?"]
[Date "2016.03.18"]
[Round "7.7"]
[White "Burakowska, Gabriela"]
[Black "Marczuk, Anna"]
[Result "1-0"]
[BlackElo "2041"]
[WhiteElo "1765"]
[LiveChessVersion "1.4.8"]

1. e4 {[%clk 1:30:59]} d6 {[%clk 1:30:52]} 2. d4 {[%clk 1:31:04]} Nf6
{[%clk 1:31:15]} 3. Bd3 {[%clk 1:30:41]} e5 {[%clk 1:31:36]} 4. c3
{[%clk 1:30:40]} g6 {[%clk 1:21:12]} 5. Ne2 {[%clk 1:29:12]} Bg7 {[%clk 1:20:11]}
6. O-O {[%clk 1:28:59]} O-O {[%clk 1:19:23]} 7. f4 {[%clk 1:22:44]} c6
{[%clk 1:01:03]} 8. Nd2 {[%clk 1:11:31]} Re8 {[%clk 0:57:57]} 9. Qb3
{[%clk 1:00:56]} Qc7 {[%clk 0:54:17]} 10. fxe5 {[%clk 0:46:14]} dxe5
{[%clk 0:51:59]} 11. Nc4 {[%clk 0:35:55]} Be6 {[%clk 0:44:25]} 12. dxe5
{[%clk 0:31:19]} Nfd7 {[%clk 0:40:01]} 13. Nd4 {[%clk 0:30:40]} Nc5
{[%clk 0:31:36]} 14. Qc2 {[%clk 0:27:52]} Nxd3 {[%clk 0:29:48]} 15. Qxd3
{[%clk 0:28:15]} Bxc4 {[%clk 0:29:14]} 16. Qxc4 {[%clk 0:28:42]} Bxe5
{[%clk 0:29:08]} 17. Nf3 {[%clk 0:26:58]} Bg7 {[%clk 0:26:43]} 18. Ng5
{[%clk 0:26:24]} Re7 {[%clk 0:22:22]} 19. Bf4 {[%clk 0:24:46]} Qb6+
{[%clk 0:20:28]} 20. Rf2 {[%clk 0:24:33]} Qb5 {[%clk 0:20:19]} 21. Qxb5
{[%clk 0:23:29]} cxb5 {[%clk 0:20:42]} 22. Rd1 {[%clk 0:22:44]} Nc6
{[%clk 0:19:52]} 23. Bd6 {[%clk 0:18:37]} Rd7 {[%clk 0:19:24]} 24. Rd5
{[%clk 0:18:57]} b4 {[%clk 0:11:09]} 25. Bc5 {[%clk 0:16:51]} Rad8
{[%clk 0:10:04]} 26. cxb4 {[%clk 0:14:22]} b6 {[%clk 0:08:22]} 27. Rfd2
{[%clk 0:09:37]} Rxd5 {[%clk 0:02:34]} 28. exd5 {[%clk 0:09:52]} bxc5
{[%clk 0:02:05]} 29. dxc6 {[%clk 0:10:04]} Bd4+ {[%clk 0:01:20]} 30. Kf1
{[%clk 0:10:28]} Rc8 {[%clk 0:00:55]} 31. b5 {[%clk 0:08:56]} a6 {[%clk 0:01:10]}
32. a4 {[%clk 0:09:17]} axb5 {[%clk 0:01:04]} 33. axb5 {[%clk 0:09:43]} Be3
{[%clk 0:00:45]} 34. Rd5 {[%clk 0:10:07]} c4 {[%clk 0:00:37]} 35. Ne4
{[%clk 0:09:59]} Bf4 {[%clk 0:00:52]} 36. Rc5 {[%clk 0:09:53]} Rb8
{[%clk 0:01:03]} 37. Nc3 {[%clk 0:10:02]} Bxh2 {[%clk 0:00:52]} 38. c7
{[%clk 0:10:08]} Bxc7 {[%clk 0:01:04]} 39. Rxc7 {[%clk 0:10:35]} Rd8
{[%clk 0:01:22]} 40. b6 {[%clk 0:40:46]} Kf8 {[%clk 0:31:43]} 41. b7
{[%clk 0:41:07]} 1-0

[Event "MPJ_D18"]
[Site "?"]
[Date "2016.03.18"]
[Round "7.8"]
[White "Wilk, Oktawia"]
[Black "Dwilewicz, Katarzyna"]
[Result "0-1"]
[BlackElo "1811"]
[WhiteElo "1683"]
[LiveChessVersion "1.4.8"]

1. e4 {[%clk 1:30:56]} e5 {[%clk 1:27:04]} 2. Nf3 {[%clk 1:31:15]} Nc6
{[%clk 1:27:28]} 3. Bb5 {[%clk 1:31:32]} a6 {[%clk 1:27:33]} 4. Ba4
{[%clk 1:31:55]} Nf6 {[%clk 1:27:50]} 5. O-O {[%clk 1:32:10]} Nxe4
{[%clk 1:27:45]} 6. Re1 {[%clk 1:30:27]} Nc5 {[%clk 1:27:01]} 7. Bxc6
{[%clk 1:30:46]} dxc6 {[%clk 1:27:21]} 8. Rxe5+ {[%clk 1:29:26]} Be7
{[%clk 1:25:17]} 9. Qe1 {[%clk 1:27:40]} Ne6 {[%clk 1:21:40]} 10. d4
{[%clk 1:26:39]} O-O {[%clk 1:17:58]} 11. c3 {[%clk 1:26:04]} Bd6
{[%clk 1:13:42]} 12. Re4 {[%clk 1:25:12]} Qf6 {[%clk 1:13:13]} 13. Ne5
{[%clk 1:17:46]} c5 {[%clk 1:04:56]} 14. d5 {[%clk 1:17:09]} Ng5 {[%clk 1:04:36]}
15. Re2 {[%clk 1:12:26]} Bxe5 {[%clk 0:46:26]} 16. Rxe5 {[%clk 1:12:47]} Bf5
{[%clk 0:45:35]} 17. f4 {[%clk 1:10:13]} Nh3+ {[%clk 0:40:05]} 18. gxh3
{[%clk 1:00:35]} Bxb1 {[%clk 0:39:36]} 19. Be3 {[%clk 0:59:20]} Bf5
{[%clk 0:33:27]} 20. Bxc5 {[%clk 0:59:04]} Rfd8 {[%clk 0:28:06]} 21. Qg3
{[%clk 0:59:12]} Qg6 {[%clk 0:22:14]} 22. h4 {[%clk 0:55:19]} f6 {[%clk 0:19:58]}
23. Re7 {[%clk 0:53:22]} Rxd5 {[%clk 0:17:55]} 24. Rxc7 {[%clk 0:51:01]} Re8
{[%clk 0:15:58]} 25. Bd4 {[%clk 0:48:27]} Re2 {[%clk 0:12:51]} 26. Qxg6
{[%clk 0:47:07]} hxg6 {[%clk 0:12:05]} 27. Rxb7 {[%clk 0:47:18]} Be4
{[%clk 0:11:40]} 28. Re7 {[%clk 0:39:11]} Kf8 {[%clk 0:02:12]} 29. Kf1
{[%clk 0:39:23]} Kxe7 {[%clk 0:02:15]} 30. Kxe2 {[%clk 0:39:48]} Rh5
{[%clk 0:02:18]} 31. Bf2 {[%clk 0:39:45]} Rd5 {[%clk 0:02:22]} 32. Rd1
{[%clk 0:39:44]} Bf3+ {[%clk 0:02:32]} 33. Kxf3 {[%clk 0:40:08]} Rxd1
{[%clk 0:03:00]} 34. a4 {[%clk 0:37:37]} Kd6 {[%clk 0:01:44]} 35. Ke2
{[%clk 0:35:23]} Ra1 {[%clk 0:01:50]} 36. b4 {[%clk 0:35:28]} Rxa4
{[%clk 0:01:46]} 37. Kd3 {[%clk 0:35:27]} Ra2 {[%clk 0:01:41]} 38. Bc5+
{[%clk 0:35:16]} Ke6 {[%clk 0:01:35]} 39. h3 {[%clk 0:32:38]} Rh2
{[%clk 0:01:48]} 40. Be3 {[%clk 1:02:49]} Rxh3 {[%clk 0:31:57]} 41. c4
{[%clk 1:03:11]} Rxh4 {[%clk 0:32:06]} 42. b5 {[%clk 1:03:02]} axb5
{[%clk 0:32:31]} 43. cxb5 {[%clk 1:03:26]} Kd5 {[%clk 0:32:52]} 44. b6
{[%clk 1:02:00]} Kc6 {[%clk 0:33:03]} 45. Ke4 {[%clk 1:02:15]} g5
{[%clk 0:32:35]} 46. Kf5 {[%clk 1:01:49]} gxf4 {[%clk 0:32:30]} 47. Bxf4
{[%clk 1:00:19]} g6+ {[%clk 0:32:45]} 0-1

[Event "MPJ_D18"]
[Site "?"]
[Date "2016.03.18"]
[Round "7.9"]
[White "Kozaczynska, Aleksandra"]
[Black "Ostrowska, Joanna"]
[Result "0-1"]
[BlackElo "1682"]
[WhiteElo "1683"]
[LiveChessVersion "1.4.8"]

1. e4 {[%clk 1:30:59]} c5 {[%clk 1:30:54]} 2. Nf3 {[%clk 1:31:24]} d6
{[%clk 1:31:15]} 3. d4 {[%clk 1:31:49]} cxd4 {[%clk 1:31:37]} 4. Nxd4
{[%clk 1:32:15]} g6 {[%clk 1:31:31]} 5. c4 {[%clk 1:31:46]} Bg7 {[%clk 1:31:45]}
6. Be2 {[%clk 1:29:57]} Nc6 {[%clk 1:27:04]} 7. Be3 {[%clk 1:24:39]} Nf6
{[%clk 1:26:20]} 8. Nc3 {[%clk 1:24:23]} O-O {[%clk 1:21:26]} 9. O-O
{[%clk 1:21:15]} e5 {[%clk 1:18:41]} 10. Ndb5 {[%clk 1:16:46]} Ne8
{[%clk 1:13:57]} 11. Nd5 {[%clk 1:14:19]} f5 {[%clk 1:06:31]} 12. f3
{[%clk 1:12:13]} f4 {[%clk 1:06:07]} 13. Bf2 {[%clk 1:12:10]} Qg5
{[%clk 1:04:00]} 14. Kh1 {[%clk 1:09:32]} Rf7 {[%clk 0:58:19]} 15. Qa4
{[%clk 1:03:24]} a6 {[%clk 0:48:15]} 16. Rad1 {[%clk 0:55:03]} Bf8
{[%clk 0:44:12]} 17. Nb6 {[%clk 0:47:24]} Rb8 {[%clk 0:44:29]} 18. Nc3
{[%clk 0:47:32]} Be6 {[%clk 0:42:21]} 19. Ncd5 {[%clk 0:42:16]} Ng7
{[%clk 0:41:45]} 20. Rd2 {[%clk 0:31:46]} Nh5 {[%clk 0:40:10]} 21. Qd1
{[%clk 0:30:47]} Bh6 {[%clk 0:38:06]} 22. Rd3 {[%clk 0:26:39]} Ng3+
{[%clk 0:33:17]} 23. hxg3 {[%clk 0:26:04]} fxg3 {[%clk 0:33:31]} 24. Bxg3
{[%clk 0:25:52]} Qxg3 {[%clk 0:33:51]} 25. Qe1 {[%clk 0:25:18]} Qg5
{[%clk 0:33:04]} 26. Qf2 {[%clk 0:23:18]} Rbf8 {[%clk 0:27:54]} 27. a3
{[%clk 0:20:13]} Qh5+ {[%clk 0:20:33]} 28. Kg1 {[%clk 0:20:12]} Nd4
{[%clk 0:20:26]} 29. Re1 {[%clk 0:18:03]} g5 {[%clk 0:18:08]} 30. Qg3
{[%clk 0:13:35]} Kh8 {[%clk 0:17:25]} 31. Rxd4 {[%clk 0:08:46]} exd4
{[%clk 0:17:30]} 32. Qxd6 {[%clk 0:09:09]} Bxd5 {[%clk 0:15:59]} 33. Qxd5
{[%clk 0:08:01]} Bg7 {[%clk 0:14:22]} 34. c5 {[%clk 0:07:38]} Qh4
{[%clk 0:13:08]} 35. Rd1 {[%clk 0:07:15]} Qf4 {[%clk 0:12:33]} 36. Nc4
{[%clk 0:06:50]} Rf6 {[%clk 0:08:46]} 37. Qxd4 {[%clk 0:05:59]} Rh6
{[%clk 0:08:32]} 38. e5 {[%clk 0:05:29]} Qh2+ {[%clk 0:07:13]} 39. Kf2
{[%clk 0:05:33]} Rh4 {[%clk 0:06:35]} 40. Qd6 {[%clk 0:32:29]} Rg4
{[%clk 0:34:34]} 41. Ne3 {[%clk 0:23:18]} Re4 {[%clk 0:20:26]} 42. e6
{[%clk 0:12:23]} Qh4+ {[%clk 0:19:05]} 43. Kf1 {[%clk 0:07:37]} Rxe3
{[%clk 0:18:47]} 44. Qd7 {[%clk 0:07:45]} g4 {[%clk 0:18:42]} 45. Qxb7
{[%clk 0:07:01]} g3 {[%clk 0:18:53]} 0-1

[Event "MPJ_D18"]
[Site "?"]
[Date "2016.03.18"]
[Round "7.10"]
[White "Dadello, Aleksandra"]
[Black "Bebel, Agnieszka"]
[Result "1-0"]
[BlackElo "1706"]
[WhiteElo "2041"]
[LiveChessVersion "1.4.8"]

1. e4 {[%clk 1:30:57]} e5 {[%clk 1:30:44]} 2. Nf3 {[%clk 1:31:22]} Nc6
{[%clk 1:31:02]} 3. Bc4 {[%clk 1:31:42]} Bc5 {[%clk 1:31:20]} 4. c3
{[%clk 1:31:57]} Nf6 {[%clk 1:31:38]} 5. d3 {[%clk 1:32:13]} h6 {[%clk 1:31:15]}
6. Nbd2 {[%clk 1:31:31]} d6 {[%clk 1:30:40]} 7. h3 {[%clk 1:25:30]} O-O
{[%clk 1:28:20]} 8. O-O {[%clk 1:23:10]} Bb6 {[%clk 1:25:49]} 9. Re1
{[%clk 1:21:17]} Be6 {[%clk 1:24:34]} 10. Bb3 {[%clk 1:19:06]} a6
{[%clk 1:19:42]} 11. Nf1 {[%clk 1:15:09]} Qd7 {[%clk 1:17:17]} 12. Ng3
{[%clk 1:12:05]} Rad8 {[%clk 1:13:54]} 13. Be3 {[%clk 0:57:17]} Bxe3
{[%clk 1:10:49]} 14. Rxe3 {[%clk 0:57:23]} Rfe8 {[%clk 1:09:14]} 15. Nh4
{[%clk 0:55:48]} g6 {[%clk 1:02:30]} 16. d4 {[%clk 0:51:14]} Bxb3
{[%clk 1:00:37]} 17. axb3 {[%clk 0:49:16]} exd4 {[%clk 0:54:16]} 18. cxd4
{[%clk 0:49:30]} d5 {[%clk 0:52:58]} 19. e5 {[%clk 0:47:18]} Ne4 {[%clk 0:49:36]}
20. f4 {[%clk 0:22:35]} Nxg3 {[%clk 0:47:37]} 21. Rxg3 {[%clk 0:22:57]} Ne7
{[%clk 0:47:09]} 22. Qd3 {[%clk 0:20:20]} Kh7 {[%clk 0:40:59]} 23. Re1
{[%clk 0:17:04]} Nf5 {[%clk 0:37:23]} 24. Nxf5 {[%clk 0:17:21]} Qxf5
{[%clk 0:37:36]} 25. Qxf5 {[%clk 0:17:09]} gxf5 {[%clk 0:37:56]} 26. Kf2
{[%clk 0:17:11]} Re6 {[%clk 0:35:23]} 27. Rc3 {[%clk 0:16:55]} c6
{[%clk 0:33:57]} 28. g4 {[%clk 0:16:30]} Kg6 {[%clk 0:33:16]} 29. Rg3
{[%clk 0:15:20]} Rde8 {[%clk 0:28:14]} 30. Reg1 {[%clk 0:13:47]} R6e7
{[%clk 0:25:41]} 31. Kf3 {[%clk 0:12:53]} b6 {[%clk 0:23:43]} 32. b4
{[%clk 0:10:24]} a5 {[%clk 0:23:13]} 33. Rc1 {[%clk 0:08:56]} Rc8
{[%clk 0:21:49]} 34. bxa5 {[%clk 0:08:09]} bxa5 {[%clk 0:22:17]} 35. Rg2
{[%clk 0:06:05]} Rb7 {[%clk 0:18:37]} 36. Rgc2 {[%clk 0:02:56]} Rbc7
{[%clk 0:11:39]} 37. Rc5 {[%clk 0:02:47]} a4 {[%clk 0:12:00]} 38. R1c2
{[%clk 0:02:34]} fxg4+ {[%clk 0:09:33]} 39. hxg4 {[%clk 0:02:31]} Kg7
{[%clk 0:09:00]} 40. Ra5 {[%clk 0:31:30]} Rb8 {[%clk 0:38:24]} 41. Rxa4
{[%clk 0:30:10]} Rb3+ {[%clk 0:38:34]} 42. Kf2 {[%clk 0:29:49]} Rcb7
{[%clk 0:38:11]} 43. Ra6 {[%clk 0:27:45]} R7b6 {[%clk 0:37:22]} 44. Rxb6
{[%clk 0:26:45]} Rxb6 {[%clk 0:37:43]} 45. f5 {[%clk 0:26:27]} Kf8
{[%clk 0:36:58]} 46. Ke3 {[%clk 0:21:32]} Kg7 {[%clk 0:35:32]} 47. Kf4
{[%clk 0:21:04]} f6 {[%clk 0:32:36]} 48. exf6+ {[%clk 0:15:18]} Kxf6
{[%clk 0:32:57]} 49. Rh2 {[%clk 0:15:37]} Kg7 {[%clk 0:32:29]} 50. Ke5
{[%clk 0:15:44]} Rb8 {[%clk 0:32:16]} 51. Kd6 {[%clk 0:15:19]} Rb4
{[%clk 0:30:55]} 52. Rd2 {[%clk 0:13:20]} h5 {[%clk 0:29:05]} 53. gxh5
{[%clk 0:12:47]} Kf6 {[%clk 0:29:14]} 54. h6 {[%clk 0:11:57]} Rb8
{[%clk 0:29:19]} 55. Rh2 {[%clk 0:10:52]} Kxf5 {[%clk 0:29:31]} 56. h7
{[%clk 0:11:15]} Rh8 {[%clk 0:29:50]} 57. Kxc6 {[%clk 0:11:39]} 1-0

[Event "MPJ_D18"]
[Site "?"]
[Date "2016.03.18"]
[Round "7.11"]
[White "Konopacka, Martyna"]
[Black "Trybowska, Anna"]
[Result "1-0"]
[BlackElo "1573"]
[WhiteElo "1905"]
[LiveChessVersion "1.4.8"]

1. e4 {[%clk 1:30:59]} e5 {[%clk 1:30:56]} 2. Nf3 {[%clk 1:31:26]} Nc6
{[%clk 1:31:21]} 3. Bc4 {[%clk 1:31:52]} h6 {[%clk 1:31:29]} 4. c3
{[%clk 1:31:03]} Nf6 {[%clk 1:31:43]} 5. d3 {[%clk 1:30:37]} Bc5 {[%clk 1:31:22]}
6. Bb3 {[%clk 1:30:40]} d6 {[%clk 1:31:43]} 7. Nbd2 {[%clk 1:31:05]} O-O
{[%clk 1:31:56]} 8. h3 {[%clk 1:31:17]} d5 {[%clk 1:32:06]} 9. Qe2
{[%clk 1:31:01]} d4 {[%clk 1:32:13]} 10. c4 {[%clk 1:26:34]} Bb4 {[%clk 1:32:24]}
11. a3 {[%clk 1:25:41]} Bxd2+ {[%clk 1:32:45]} 12. Bxd2 {[%clk 1:26:05]} Qd6
{[%clk 1:31:38]} 13. Nh4 {[%clk 1:23:00]} Ne7 {[%clk 1:30:59]} 14. g4
{[%clk 1:23:10]} Qb6 {[%clk 1:30:31]} 15. Qd1 {[%clk 1:19:49]} a5
{[%clk 1:30:26]} 16. Rb1 {[%clk 1:20:15]} Bd7 {[%clk 1:28:34]} 17. Bc2
{[%clk 1:15:18]} Nh7 {[%clk 1:28:03]} 18. Nf5 {[%clk 1:14:44]} Qf6
{[%clk 1:24:45]} 19. h4 {[%clk 1:12:57]} b5 {[%clk 1:20:46]} 20. g5
{[%clk 1:11:10]} hxg5 {[%clk 1:20:38]} 21. hxg5 {[%clk 1:11:29]} Nxg5
{[%clk 1:16:08]} 22. Qh5 {[%clk 1:10:48]} g6 {[%clk 1:13:38]} 23. Nxe7+
{[%clk 1:11:06]} 1-0

[Event "MPJ_D18"]
[Site "?"]
[Date "2016.03.18"]
[Round "7.12"]
[White "Kozubal, Aleksandra"]
[Black "Posuniak, Weronika"]
[Result "1-0"]
[BlackElo "1731"]
[WhiteElo "1688"]
[LiveChessVersion "1.4.8"]

1. d4 {[%clk 1:30:58]} d5 {[%clk 1:30:56]} 2. c4 {[%clk 1:31:15]} c6
{[%clk 1:31:23]} 3. Nc3 {[%clk 1:31:32]} Nf6 {[%clk 1:31:48]} 4. Nf3
{[%clk 1:31:51]} e6 {[%clk 1:32:11]} 5. Bg5 {[%clk 1:32:12]} Be7 {[%clk 1:31:47]}
6. e3 {[%clk 1:31:43]} Nbd7 {[%clk 1:31:30]} 7. Bd3 {[%clk 1:29:47]} h6
{[%clk 1:30:15]} 8. Bh4 {[%clk 1:28:58]} O-O {[%clk 1:30:25]} 9. O-O
{[%clk 1:29:04]} b6 {[%clk 1:21:00]} 10. Rc1 {[%clk 1:23:14]} dxc4
{[%clk 1:17:17]} 11. Bxc4 {[%clk 1:23:26]} Bb7 {[%clk 1:16:19]} 12. Qe2
{[%clk 1:14:33]} Ne8 {[%clk 1:00:24]} 13. Bg3 {[%clk 1:04:58]} Bd6
{[%clk 0:59:57]} 14. Ne4 {[%clk 1:03:16]} Bxg3 {[%clk 0:59:26]} 15. Nxg3
{[%clk 1:03:37]} c5 {[%clk 0:52:48]} 16. Rfd1 {[%clk 0:56:46]} Qe7
{[%clk 0:49:49]} 17. d5 {[%clk 0:48:52]} exd5 {[%clk 0:49:20]} 18. Bxd5
{[%clk 0:49:14]} Bxd5 {[%clk 0:48:38]} 19. Rxd5 {[%clk 0:49:37]} Qe6
{[%clk 0:47:46]} 20. Rd2 {[%clk 0:43:07]} Nef6 {[%clk 0:40:06]} 21. b3
{[%clk 0:40:19]} Rfd8 {[%clk 0:30:54]} 22. Rcd1 {[%clk 0:38:42]} Rac8
{[%clk 0:26:27]} 23. Rd6 {[%clk 0:35:43]} Qe8 {[%clk 0:25:14]} 24. Qd3
{[%clk 0:31:38]} Rc7 {[%clk 0:22:44]} 25. Qf5 {[%clk 0:24:30]} Rdc8
{[%clk 0:18:01]} 26. e4 {[%clk 0:20:58]} Nf8 {[%clk 0:17:21]} 27. e5
{[%clk 0:20:32]} N6h7 {[%clk 0:14:37]} 28. Nh5 {[%clk 0:15:27]} Ne6
{[%clk 0:11:43]} 29. Qg4 {[%clk 0:11:47]} Kh8 {[%clk 0:11:32]} 30. Nh4
{[%clk 0:10:55]} Qf8 {[%clk 0:10:02]} 31. Rxe6 {[%clk 0:10:20]} g5
{[%clk 0:07:31]} 32. Red6 {[%clk 0:07:07]} gxh4 {[%clk 0:07:27]} 33. Qxh4
{[%clk 0:07:25]} Re7 {[%clk 0:06:40]} 34. f4 {[%clk 0:04:26]} Re6
{[%clk 0:06:02]} 35. Ng3 {[%clk 0:01:57]} c4 {[%clk 0:04:43]} 36. bxc4
{[%clk 0:01:45]} Rce8 {[%clk 0:02:09]} 37. Nf5 {[%clk 0:01:42]} f6
{[%clk 0:02:20]} 38. Qxh6 {[%clk 0:01:16]} Qxh6 {[%clk 0:01:42]} 39. Nxh6
{[%clk 0:01:41]} fxe5 {[%clk 0:01:34]} 40. Nf7+ {[%clk 0:02:03]} 1-0